[Event "TCh-RUS"]
[Site "Sochi RUS"]
[Date "2007.05.05"]
[Round "4"]
[White "Smirnov,P"]
[Black "Vokarev,S"]
[Result "1-0"]
[WhiteElo "2631"]
[BlackElo "2475"]
[EventDate "2007.05.02"]

1. e4 e5 2. Nf3 Nc6 3. Bb5 a6 4. Ba4 Nf6 5. O-O Nxe4 6. d4 b5 7. Bb3 d5 8.
dxe5 Be6 9. c3 Be7 10. Re1 O-O 11. Nd4 Nxe5 12. f3 Bd6 13. fxe4 Bg4 14. Qd2
Qh4 15. h3 Bxh3 16. gxh3 Nd3 17. Rf1 dxe4 18. Qg5 Qxh3 19. Qg2 Qh5 20. Be3
Ne5 21. Nd2 Ng4 22. Bf4 e3 23. Bxd6 exd2 24. Bxf7+ 1-0

[Event "TCh-RUS"]
[Site "Sochi RUS"]
[Date "2007.05.06"]
[Round "5"]
[White "Korneev,O"]
[Black "Smirnov,P"]
[Result "0-1"]
[WhiteElo "2565"]
[BlackElo "2631"]
[EventDate "2007.05.02"]

1. e4 c5 2. Nf3 Nc6 3. d4 cxd4 4. Nxd4 Nf6 5. Nc3 e5 6. Ndb5 d6 7. Bg5 a6
8. Na3 b5 9. Nd5 Be7 10. Bxf6 Bxf6 11. c4 b4 12. Nc2 a5 13. g3 O-O 14. Bg2
Be6 15. O-O Bxd5 16. cxd5 Nb8 17. Ne3 Na6 18. h4 Nc5 19. Rc1 Rc8 20. Bh3
Rc7 21. Rc4 g6 22. Qf3 Bg7 23. Rc2 b3 24. axb3 Nxb3 25. Qd1 Nd4 26. Rc3 Rb7
27. Rc8 Qb6 28. Nc4 Qb4 29. Rc6 f5 30. Qd3 Rbf7 31. Nxd6 Rf6 32. Nc4 fxe4
33. Qxe4 Rxc6 34. dxc6 Qxc4 35. Bg2 Rc8 36. Kh2 Qxc6 37. Qg4 Qe8 38. Re1 h5
39. Qg5 Qf7 40. f4 Ne6 0-1

[Event "TCh-RUS"]
[Site "Sochi RUS"]
[Date "2007.05.06"]
[Round "5"]
[White "Karpov,Ana"]
[Black "Timofeev,Arty"]
[Result "1/2-1/2"]
[WhiteElo "2668"]
[BlackElo "2658"]
[EventDate "2007.05.02"]

1. d4 Nf6 2. c4 g6 3. Nc3 d5 4. cxd5 Nxd5 5. Bd2 Bg7 6. e4 Nxc3 7. Bxc3 c5
8. d5 Bxc3+ 9. bxc3 O-O 10. Nf3 e6 11. Bc4 b5 12. Bxb5 Qa5 13. Bc4 Qxc3+
14. Nd2 Ba6 15. Rc1 Qe5 16. Qe2 Bxc4 17. Nxc4 Qg5 18. Ne3 exd5 19. exd5 Nd7
20. O-O Rfe8 21. Qb5 Rad8 22. Qa5 f5 23. f4 Qf6 24. Nc4 Qd4+ 25. Kh1 Nf6
26. Ne5 Rxd5 27. Qxa7 Nd7 28. Nxd7 Rxd7 29. Qxc5 Qxc5 30. Rxc5 Re2 31. a4
Rd4 32. Rc7 Rxf4 33. Rb1 Rb4 34. Rd1 Rd2 35. Re1 Re2 1/2-1/2

[Event "TCh-RUS"]
[Site "Sochi RUS"]
[Date "2007.05.06"]
[Round "5"]
[White "Yandemirov,V"]
[Black "Bezgodov,A"]
[Result "1/2-1/2"]
[WhiteElo "2515"]
[BlackElo "2561"]
[EventDate "2007.05.02"]

1. e4 e5 2. Nf3 Nc6 3. Bb5 a6 4. Bxc6 dxc6 5. Nc3 f6 6. d4 exd4 7. Nxd4 c5
8. Nde2 Qxd1+ 9. Nxd1 Be6 10. Bf4 O-O-O 11. Ne3 Ne7 12. Rd1 Rxd1+ 13. Kxd1
Nc6 14. Nc3 1/2-1/2

[Event "TCh-RUS"]
[Site "Sochi RUS"]
[Date "2007.05.06"]
[Round "5"]
[White "Tregubov,P"]
[Black "Shirov,A"]
[Result "1/2-1/2"]
[WhiteElo "2615"]
[BlackElo "2699"]
[EventDate "2007.05.02"]

1. d4 d5 2. c4 c6 3. Nf3 Nf6 4. e3 Bf5 5. Nc3 e6 6. Nh4 Bg6 7. Nxg6 hxg6 8.
g3 Nbd7 9. Bg2 dxc4 10. Qe2 Nb6 11. O-O Bb4 12. a3 Ba5 13. Bd2 O-O 14. Ne4
Bxd2 15. Nxd2 Qe7 16. Nxc4 Nxc4 17. Qxc4 e5 18. dxe5 Qxe5 19. b4 Rfd8 20.
a4 a6 21. Rad1 g5 22. Rd3 Rxd3 23. Qxd3 g4 24. Rd1 g6 25. Rb1 Kg7 26. b5
axb5 27. axb5 cxb5 28. Rxb5 Ra1+ 29. Bf1 Qc7 30. Rb1 Rxb1 31. Qxb1 Nd7 32.
h3 gxh3 33. Bxh3 Ne5 34. Bg2 b6 35. Bd5 Qd6 36. Qb5 Kf8 1/2-1/2

[Event "TCh-RUS"]
[Site "Sochi RUS"]
[Date "2007.05.06"]
[Round "5"]
[White "Sambuev,B"]
[Black "Sakaev,K"]
[Result "0-1"]
[WhiteElo "2485"]
[BlackElo "2633"]
[EventDate "2007.05.02"]

1. Nf3 Nf6 2. c4 c6 3. d4 d5 4. e3 Bf5 5. Nc3 e6 6. Bd3 Bg6 7. O-O Nbd7 8.
b3 Bb4 9. Bb2 O-O 10. Ne2 Bd6 11. c5 Bc7 12. b4 Re8 13. b5 e5 14. Bxg6 hxg6
15. bxc6 bxc6 16. dxe5 Nxe5 17. Bxe5 Bxe5 18. Ned4 Qd7 19. Qa4 Rac8 20.
Rab1 Ne4 21. Rfc1 Bf6 22. h3 g5 23. Rc2 Rc7 24. Nh2 g6 25. Nf1 Bg7 26. f3
Nf6 27. Rcb2 Bf8 28. Qa5 Qe7 29. Rb8 Rcc8 30. Rxc8 Rxc8 31. Qa6 Rc7 32.
Nxc6 Qe6 33. Nb4 Qxa6 34. Nxa6 Rc6 35. Nb4 Rxc5 36. Nd3 Ra5 37. Rb2 Ra3 38.
Nc1 Nd7 39. Kf2 Nb6 40. Rc2 Na4 41. Rd2 Nc3 42. Ng3 Bb4 43. Kf1 a5 44. Nge2
Nxe2 45. Rxe2 a4 46. Rb2 Bc5 47. e4 Be3 48. Rc2 d4 49. Ke2 Bxc1 50. Rxc1
Rxa2+ 51. Kd3 Rxg2 52. Rc8+ Kg7 53. Kxd4 Rg3 0-1

[Event "TCh-RUS"]
[Site "Sochi RUS"]
[Date "2007.05.06"]
[Round "5"]
[White "Bareev,E"]
[Black "Tiviakov,S"]
[Result "1/2-1/2"]
[WhiteElo "2643"]
[BlackElo "2663"]
[EventDate "2007.05.02"]

1. d4 Nf6 2. c4 e6 3. Nc3 Bb4 4. e3 c5 5. Nge2 cxd4 6. exd4 O-O 7. a3 Be7
8. d5 exd5 9. cxd5 Bc5 10. Na4 b6 11. b4 Bd6 12. Nec3 Re8+ 13. Be2 Ba6 14.
O-O Qc7 15. g3 Bxe2 16. Nxe2 Qc4 17. Bf4 Bxf4 18. Nxf4 d6 19. Rc1 Qa6 20.
Nc3 Nbd7 21. a4 Rec8 22. Qb3 Qc4 23. Qa3 a5 24. bxa5 Qc5 25. Nb5 Qxa3 26.
Nxa3 bxa5 27. Rc6 Nc5 28. Nc4 Rd8 29. Nxd6 Nxa4 30. Rfc1 Rab8 31. Nf5 Nb6
32. d6 Kf8 33. Rb1 Nbd7 34. Ra1 Rb6 35. Nd4 Rxc6 36. Nxc6 Rc8 37. Nxa5 Ra8
1/2-1/2

[Event "TCh-RUS"]
[Site "Sochi RUS"]
[Date "2007.05.06"]
[Round "5"]
[White "Belov,Vl"]
[Black "Galkin,A"]
[Result "1/2-1/2"]
[WhiteElo "2586"]
[BlackElo "2590"]
[EventDate "2007.05.02"]

1. e4 c6 2. d4 d5 3. e5 Bf5 4. Nf3 e6 5. Be2 Nd7 6. O-O Ne7 7. Nbd2 h6 8.
Nb3 Bh7 9. Bd2 Qc7 10. Bb4 Nc8 11. Bxf8 Nxf8 12. Nc1 Nd7 13. Bd3 O-O 14. c3
c5 15. Bxh7+ Kxh7 16. Nd3 Ne7 17. Qd2 Rac8 18. Rad1 Kh8 19. h4 cxd4 20.
cxd4 Qb6 21. Nf4 Rc7 22. g4 Ng6 23. Nd3 f6 24. exf6 1/2-1/2

[Event "TCh-RUS"]
[Site "Sochi RUS"]
[Date "2007.05.06"]
[Round "5"]
[White "Lastin,A"]
[Black "Savchenko,B"]
[Result "1/2-1/2"]
[WhiteElo "2590"]
[BlackElo "2583"]
[EventDate "2007.05.02"]

1. e4 c5 2. Nf3 d6 3. d4 cxd4 4. Nxd4 Nf6 5. Nc3 g6 6. Be3 Bg7 7. f3 Nc6 8.
Qd2 O-O 9. Bc4 Bd7 10. O-O-O Rb8 11. Bb3 Na5 12. Bh6 Bxh6 13. Qxh6 b5 14.
h4 e5 15. Nde2 b4 16. Nd5 Nxb3+ 17. axb3 Nxd5 18. Rxd5 Be6 19. h5 Qc7 20.
hxg6 fxg6 21. Rxd6 Rfc8 22. c4 bxc3 23. Nxc3 Rb6 24. Rxb6 axb6 25. Kc2 b5
26. b4 Qa7 27. Rd1 Qa4+ 28. Kb1 Qxb4 29. Qg5 Qc5 30. Rd8+ Rxd8 31. Qxd8+
Kf7 32. Nd5 Qg1+ 33. Ka2 Qa7+ 1/2-1/2

[Event "TCh-RUS"]
[Site "Sochi RUS"]
[Date "2007.05.06"]
[Round "5"]
[White "Potkin,V"]
[Black "Ovetchkin,R"]
[Result "1/2-1/2"]
[WhiteElo "2593"]
[BlackElo "2554"]
[EventDate "2007.05.02"]

1. e4 c6 2. d4 d5 3. exd5 cxd5 4. c4 Nf6 5. Nc3 e6 6. Nf3 Bb4 7. cxd5 exd5
8. Bd3 O-O 9. O-O Bg4 10. h3 Bh5 11. Bg5 Bxc3 12. bxc3 Nbd7 13. c4 Bg6 14.
Bxg6 hxg6 15. c5 Qc7 16. Qb3 b6 17. Rac1 bxc5 18. Bxf6 Nxf6 19. Rxc5 Qf4
20. g3 Qf5 21. Kg2 1/2-1/2

[Event "TCh-RUS"]
[Site "Sochi RUS"]
[Date "2007.05.06"]
[Round "5"]
[White "Sorokin,M"]
[Black "Popov,Iv RUS"]
[Result "1/2-1/2"]
[WhiteElo "2517"]
[BlackElo "2533"]
[EventDate "2007.05.02"]

1. d4 d5 2. c4 c6 3. Nf3 Nf6 4. Nc3 a6 5. c5 Nbd7 6. g3 g6 7. Bg2 Bg7 8.
O-O O-O 9. Qc2 Re8 10. Rd1 Nh5 11. e4 dxe4 12. Qxe4 Ndf6 13. Qe2 Bg4 14. h3
Bxf3 15. Qxf3 Bf8 16. g4 Ng7 17. g5 Nd7 18. d5 Rc8 19. Bf4 e5 20. dxe6 Rxe6
21. h4 Qe8 22. Bh3 Nf5 23. Bxf5 gxf5 24. Bg3 Nxc5 25. Qxf5 Rd8 26. Rxd8
Qxd8 27. Rd1 Qe8 28. Kg2 b5 29. Rd4 a5 30. b3 Qe7 31. Bd6 Rxd6 32. Qxc5
Rxd4 33. Qxd4 Bg7 34. Qe4 Qd7 35. Ne2 h6 36. gxh6 Bxh6 37. Nd4 c5 38. Nc6
Bg7 39. Nxa5 Bf6 40. Nc6 Bxh4 41. Ne5 Qe7 42. f4 Bf6 43. Kf3 Bxe5 44. Qxe5
Qb7+ 45. Ke3 Qa7 46. Qe8+ Kg7 47. Qxb5 Qxa2 48. Ke4 Qc2+ 49. Kd5 Qf5+ 50.
Kc6 Qxf4 51. Qxc5 f5 1/2-1/2

[Event "TCh-RUS"]
[Site "Sochi RUS"]
[Date "2007.05.07"]
[Round "6"]
[White "Volkov,Sergey1"]
[Black "Rychagov,A"]
[Result "1-0"]
[WhiteElo "2640"]
[BlackElo "2571"]
[EventDate "2007.05.02"]

1. d4 d5 2. c4 e6 3. Nc3 Nf6 4. Bg5 Be7 5. Nf3 O-O 6. e3 h6 7. Bh4 b6 8.
Be2 Bb7 9. Bxf6 Bxf6 10. cxd5 exd5 11. b4 c6 12. O-O Qd6 13. Qb3 Nd7 14.
Rfd1 a5 15. b5 c5 16. dxc5 Nxc5 17. Qa3 Ne4 18. Qxd6 Nxd6 19. Nd4 a4 20.
Bg4 Rfd8 21. Rac1 Ne4 22. Nce2 Bc8 23. Bxc8 Raxc8 24. Nc6 Re8 25. Rxd5 Nc5
26. Nf4 Bg5 27. Rxg5 hxg5 28. Nd5 Rcd8 29. Nxd8 Rxd8 30. Nxb6 Rd2 31. h3
Ne4 32. Nxa4 Rxa2 33. b6 Nd6 34. Nc3 1-0

[Event "TCh-RUS"]
[Site "Sochi RUS"]
[Date "2007.05.07"]
[Round "6"]
[White "Kazhgaleyev,M"]
[Black "Kiriakov,P"]
[Result "1/2-1/2"]
[WhiteElo "2603"]
[BlackElo "2540"]
[EventDate "2007.05.02"]

1. d4 e6 2. c4 Nf6 3. Nf3 d5 4. Nc3 Nbd7 5. Bf4 dxc4 6. e3 Nb6 7. Bxc4 Nxc4
8. Qa4+ c6 9. Qxc4 Nd5 10. Be5 f6 11. Bg3 Qb6 12. O-O Qxb2 13. Ne4 Qb5 14.
Qc1 Qd3 15. Nd6+ Bxd6 16. Bxd6 Nc3 17. Qb2 Kf7 18. a4 Rd8 19. Bc7 Rd7 20.
Ba5 Nd5 21. Rfd1 Qe4 22. Rdc1 b6 23. Be1 Bb7 24. a5 Rc8 25. axb6 axb6 26.
Ra7 Ra8 27. Rxa8 Bxa8 28. Qa3 Nc7 29. Qa7 c5 30. Qxb6 Qg6 31. Nh4 Qe4 32.
Rxc5 Nd5 33. Qa5 Ne7 34. Nf3 Bd5 35. Qc3 Rb7 36. h3 Nc6 37. Kh2 Rb1 38. Qd2
h5 39. Qc3 Kg8 40. Qd2 Kf7 41. Rc1 Rxc1 42. Qxc1 g5 43. Bc3 g4 44. hxg4
hxg4 45. Ne1 Qh7+ 46. Kg1 Qh4 47. Bb2 g3 48. f3 f5 49. Kf1 Qh1+ 50. Ke2 Qg1
51. Qc3 Qf2+ 52. Kd1 Ke8 53. Ba3 Kd7 54. Bc1 Qa2 55. Bb2 Qa4+ 56. Kd2 Na5
57. Nd3 Kd8 58. e4 Nc4+ 59. Kc1 Nxb2 60. Qxb2 fxe4 61. fxe4 Qc4+ 62. Kd2
Bxe4 63. Ne5 Qc7 64. Ke3 Bd5 65. Kf4 Kc8 66. Kxg3 Qg7+ 67. Ng4 Qc7+ 68. Ne5
Qg7+ 69. Kh2 Qh6+ 70. Kg1 Qe3+ 71. Qf2 Qc1+ 72. Qf1 Qe3+ 73. Qf2 Qc1+ 74.
Kh2 Qh6+ 75. Kg3 Qg7+ 76. Ng4 Qc7+ 77. Kh4 Qh7+ 78. Kg5 Qg7+ 79. Kh5 Be4
80. Qe3 Qh7+ 81. Kg5 Qf5+ 82. Kh4 Bxg2 83. Qc3+ Kd8 84. Ne5 Qf4+ 85. Kh5
Qf5+ 86. Kh4 Qf4+ 87. Kh5 1/2-1/2

[Event "TCh-RUS"]
[Site "Sochi RUS"]
[Date "2007.05.07"]
[Round "6"]
[White "Zvjaginsev,V"]
[Black "Khairullin,I"]
[Result "1-0"]
[WhiteElo "2659"]
[BlackElo "2586"]
[EventDate "2007.05.02"]

1. e4 e5 2. Nf3 Nc6 3. d4 exd4 4. Nxd4 Bc5 5. Nxc6 Qf6 6. Qf3 dxc6 7. Bc4
Qxf3 8. gxf3 Be6 9. Bxe6 fxe6 10. h4 Nf6 11. h5 O-O 12. Be3 Bd6 13. Nd2 Nd7
14. Ke2 Rf6 15. Rag1 Raf8 16. c3 e5 17. Nf1 Nc5 18. Ng3 a6 19. Nf5 Rxf5 20.
exf5 Rxf5 21. Rh4 Ne6 22. Kd3 Kf7 23. Rh3 Kf6 24. Rg4 a5 25. a3 Bc5 26. Ke2
Bd6 27. b4 a4 28. Kd3 b5 29. c4 Nf4+ 30. Bxf4 exf4 31. c5 Rd5+ 32. Kc2 Be5
33. Rh1 Rd4 34. Rc1 Rc4+ 35. Kb1 Rd4 36. Kc2 Rc4+ 37. Kd2 Rd4+ 38. Ke2 Ke6
39. Rgg1 Kd5 40. Rc2 Rc4 41. Rd1+ Bd4 42. Kd3 Rxc2 43. Kxc2 h6 44. Rd3 Ke5
45. Rd2 Kd5 46. Re2 Be5 47. Kd3 Ke6 48. Ke4 Kf6 49. Re1 Ke6 50. Rg1 Bb2 51.
Rd1 Be5 52. Rd3 Kf6 53. Rd8 Bb2 54. Rc8 Bxa3 55. Rxc7 Bxb4 56. Rxc6+ Ke7
57. Kd5 Bc3 58. Ra6 Bb2 59. Ke4 1-0

[Event "TCh-RUS"]
[Site "Sochi RUS"]
[Date "2007.05.07"]
[Round "6"]
[White "Nepomniachtchi,I"]
[Black "Kurnosov,I"]
[Result "1-0"]
[WhiteElo "2602"]
[BlackElo "2566"]
[EventDate "2007.05.02"]

1. e4 e5 2. Nf3 Nc6 3. Bc4 Bc5 4. c3 Nf6 5. d3 a6 6. h3 O-O 7. Bb3 Ba7 8.
Bg5 d6 9. Nbd2 Ne7 10. Nh4 Kh8 11. Bxf6 gxf6 12. Qf3 Ng6 13. Nf5 c6 14. h4
d5 15. g3 Bxf5 16. Qxf5 Qd6 17. Rd1 Rad8 18. Qf3 Ne7 19. c4 Bd4 20. cxd5 b5
21. dxc6 Bxb2 22. O-O Nxc6 23. Qh5 Qe7 24. Nf3 Nb4 25. Nh2 a5 26. a4 bxa4
27. Bxa4 f5 28. exf5 Nxd3 29. Qe2 Qb4 30. Rxd3 Rxd3 31. Qxd3 Qxa4 32. Qd6
Kg8 33. Qd2 Qb4 34. Qg5+ Kh8 35. Qf6+ Kg8 36. Rb1 a4 37. Rxb2 Qxb2 38. Ng4
Qc1+ 39. Kh2 a3 40. Nh6+ Qxh6 41. Qxh6 1-0

[Event "TCh-RUS"]
[Site "Sochi RUS"]
[Date "2007.05.07"]
[Round "6"]
[White "Bezgodov,A"]
[Black "Korotylev,A"]
[Result "0-1"]
[WhiteElo "2561"]
[BlackElo "2620"]
[EventDate "2007.05.02"]

1. e4 c5 2. Nf3 Nc6 3. d4 cxd4 4. Nxd4 Nf6 5. Nc3 d6 6. Bg5 e6 7. Qd2 Be7
8. O-O-O O-O 9. f4 Nxd4 10. Qxd4 Qa5 11. Bc4 Bd7 12. e5 dxe5 13. fxe5 Bc6
14. Bd2 Nd7 15. Nd5 Qd8 16. Nxe7+ Qxe7 17. Rhe1 Nb6 18. Bd3 Rfd8 19. Qe3
Qh4 20. b3 Nd5 21. Qg3 Qxg3 22. hxg3 h6 23. g4 Ne7 24. Bb4 Ng6 25. Bxg6
fxg6 26. Rd6 Re8 27. Re2 g5 28. c4 Rac8 29. Kd2 Rc7 30. Rf2 Rf7 31. Ke3
Rxf2 32. Kxf2 Rf8+ 33. Kg3 Rf1 34. Bc5 Ra1 35. Rd2 a6 36. Bf2 Kf7 37. Be3
Rb1 38. Bb6 Re1 39. Bd4 Re4 40. Rf2+ Kg8 41. Rd2 g6 42. a4 h5 43. gxh5 gxh5
44. Kh2 Kh7 45. a5 Kg6 46. Bb2 h4 47. g3 hxg3+ 48. Kxg3 Re3+ 49. Kf2 Rxb3
50. Bd4 g4 51. Rb2 Ra3 52. Bb6 Kf5 53. Re2 g3+ 54. Ke1 0-1

[Event "TCh-RUS"]
[Site "Sochi RUS"]
[Date "2007.05.07"]
[Round "6"]
[White "Sorokin,M"]
[Black "Galkin,A"]
[Result "1/2-1/2"]
[WhiteElo "2517"]
[BlackElo "2590"]
[EventDate "2007.05.02"]

1. e4 c6 2. d4 d5 3. exd5 cxd5 4. c4 Nf6 5. Nc3 e6 6. Nf3 Be7 7. cxd5 Nxd5
8. Bc4 Nc6 9. O-O O-O 10. Re1 a6 11. Bb3 Nf6 12. a3 b5 13. d5 exd5 14. Nxd5
Nxd5 15. Bxd5 Bb7 16. Bf4 Bf6 17. Rc1 Qd7 18. Bg5 Bxg5 19. Nxg5 h6 20. Ne6
Rfe8 21. Bxc6 Bxc6 22. Qxd7 Bxd7 23. Nc5 Rxe1+ 24. Rxe1 Bc6 25. Re7 Re8 26.
Rc7 a5 27. f3 Bd5 28. Rd7 Bc4 29. b3 Rc8 30. bxc4 Rxc5 31. cxb5 Rxb5 32.
Ra7 h5 33. a4 Rc5 34. h4 g6 35. g3 Kg7 36. Ra6 1/2-1/2

[Event "TCh-RUS"]
[Site "Sochi RUS"]
[Date "2007.05.07"]
[Round "6"]
[White "Dyachkov,S"]
[Black "Vokarev,S"]
[Result "1-0"]
[WhiteElo "2566"]
[BlackElo "2475"]
[EventDate "2007.05.02"]

1. Nf3 Nf6 2. c4 g6 3. Nc3 d5 4. Qa4+ Bd7 5. Qb3 dxc4 6. Qxc4 a6 7. d4 b5
8. Qb3 c5 9. dxc5 Bg7 10. e4 Nc6 11. Be2 O-O 12. O-O Qa5 13. Qc2 Be6 14.
Be3 Ng4 15. Bf4 Rfd8 16. h3 Nge5 17. Nxe5 Nxe5 18. Rfd1 Qb4 19. Be3 Nc4 20.
Bxc4 Qxc4 21. Rxd8+ Rxd8 22. Rd1 Rc8 23. a3 a5 24. Qd3 Bxc3 25. Qxc4 Bxc4
26. bxc3 Be6 27. f4 f6 28. g4 f5 29. exf5 gxf5 30. g5 Kf7 31. h4 Ke8 32.
Kf2 Bf7 33. Rb1 Bc4 34. h5 Kd7 35. Bd4 Kc6 36. Re1 Kd7 37. Rg1 Rc6 38. Ke3
Ke8 39. g6 hxg6 40. hxg6 a4 41. g7 Bg8 42. Rb1 1-0

[Event "TCh-RUS"]
[Site "Sochi RUS"]
[Date "2007.05.08"]
[Round "7"]
[White "Georgiev,Ki"]
[Black "Najer,E"]
[Result "1/2-1/2"]
[WhiteElo "2660"]
[BlackElo "2624"]
[EventDate "2007.05.02"]

1. d4 d5 2. c4 c6 3. Nf3 Nf6 4. e3 e6 5. Bd3 dxc4 6. Bxc4 Nbd7 7. O-O Bd6
8. Nc3 b5 9. Bd3 O-O 10. Bd2 Bb7 11. a3 a5 12. Ne4 Nxe4 13. Bxe4 Nf6 14.
Bd3 c5 15. Bxb5 Bxf3 16. Qxf3 Bxh2+ 17. Kh1 Bc7 18. Bc3 Nd5 19. g3 Nxc3 20.
bxc3 cxd4 21. cxd4 Bd6 22. a4 Rc8 23. Rac1 g6 24. Kg2 h5 25. Rc6 Rxc6 26.
Qxc6 Kg7 27. Rc1 Rh8 28. Rh1 Bb4 29. Qe4 Qf6 30. Rh4 Rc8 31. d5 e5 32. Bc6
Rb8 33. Rh1 Bd6 34. Bb5 Rc8 35. Bc6 Rb8 36. Bb5 Qe7 37. Qh4 Qc7 38. Qe4 Qc5
39. Rd1 Rc8 40. Bc6 Rb8 41. Bb5 Rc8 42. Bc6 Rb8 1/2-1/2

[Event "TCh-RUS"]
[Site "Sochi RUS"]
[Date "2007.05.08"]
[Round "7"]
[White "Potkin,V"]
[Black "Kobalia,M"]
[Result "1-0"]
[WhiteElo "2593"]
[BlackElo "2639"]
[EventDate "2007.05.02"]

1. d4 d5 2. c4 c6 3. Nc3 Nf6 4. Nf3 a6 5. c5 Nbd7 6. Bf4 Nh5 7. Bd2 Nhf6 8.
Qc2 g6 9. g3 Bg7 10. Bg2 O-O 11. O-O Re8 12. Rad1 a5 13. h3 b6 14. cxb6
Qxb6 15. Rc1 Ba6 16. Rfe1 Qb7 17. b3 Rec8 18. e4 e6 19. e5 Ne8 20. Na4 Bb5
21. Nc5 Nxc5 22. dxc5 a4 23. b4 a3 24. Rb1 Bc4 25. Bf1 Bxf1 26. Kxf1 Nc7
27. Kg2 Nb5 28. h4 Qd7 29. h5 d4 30. Qc4 Rd8 31. Rb3 Qd5 32. Qxd5 Rxd5 33.
h6 Bf8 34. Rd3 Ra4 35. Re4 Nc3 36. Rexd4 Nxa2 37. Rxd5 exd5 38. Rb3 g5 39.
Nd4 Ra6 40. Bxg5 1-0

[Event "TCh-RUS"]
[Site "Sochi RUS"]
[Date "2007.05.08"]
[Round "7"]
[White "Korneev,O"]
[Black "Grigoriants,S RUS"]
[Result "1/2-1/2"]
[WhiteElo "2565"]
[BlackElo "2594"]
[EventDate "2007.05.02"]

1. e4 e5 2. Nf3 Nc6 3. Bc4 Bc5 4. c3 Nf6 5. d3 d6 6. Bb3 Bb6 7. Nbd2 O-O 8.
O-O Ne7 9. Nc4 Ng6 10. Nxb6 axb6 11. Re1 Qe7 12. d4 Be6 13. Bc2 h6 14. h3
Nh7 15. Be3 Qf6 16. Bd3 Nf4 17. Bf1 Ng5 18. Nd2 Ng6 19. Qh5 Nf4 20. Qd1 Ng6
21. Kh2 Qe7 22. Qh5 Ra5 23. d5 Bd7 24. g3 Nh7 25. a3 b5 26. c4 bxc4 27.
Nxc4 Ra4 28. b3 Raa8 29. a4 Nf6 30. Qf3 Nh7 31. Qh5 Nf6 32. Qf3 Nh7 1/2-1/2

[Event "TCh-RUS"]
[Site "Sochi RUS"]
[Date "2007.05.08"]
[Round "7"]
[White "Timofeev,Arty"]
[Black "Shomoev,A"]
[Result "1/2-1/2"]
[WhiteElo "2658"]
[BlackElo "2551"]
[EventDate "2007.05.02"]

1. e4 c5 2. Nf3 d6 3. d4 cxd4 4. Nxd4 Nf6 5. Nc3 a6 6. Bd3 g6 7. h3 Bg7 8.
Be3 O-O 9. O-O Nc6 10. Re1 Nxd4 11. Bxd4 Bd7 12. a4 Bc6 13. a5 Nd7 14. Bxg7
Kxg7 15. Nd5 e6 16. Nb4 Rc8 17. Bf1 Nf6 18. Qd4 e5 19. Nxc6 Rxc6 20. Qb4
Qc7 21. c3 Rc5 22. c4 Nh5 23. g3 Kg8 24. Re3 Ng7 25. Rb3 Rb8 26. Qb6 Ne6
27. Qxc7 Rxc7 28. Rba3 Nd4 29. Bd3 Kf8 30. f4 Ke7 31. Kf2 f6 32. Ke3 b6 33.
R1a2 Rcb7 34. axb6 1/2-1/2

[Event "TCh-RUS"]
[Site "Sochi RUS"]
[Date "2007.05.08"]
[Round "7"]
[White "Khairullin,I"]
[Black "Tregubov,P"]
[Result "1/2-1/2"]
[WhiteElo "2586"]
[BlackElo "2615"]
[EventDate "2007.05.02"]

1. e4 c5 2. Nf3 Nc6 3. d4 cxd4 4. Nxd4 Nf6 5. Nc3 e5 6. Ndb5 d6 7. Bg5 a6
8. Na3 b5 9. Nd5 Be7 10. Bxf6 Bxf6 11. c4 b4 12. Nc2 a5 13. g3 Bg5 14. h4
Bh6 15. Bh3 Bxh3 16. Rxh3 Ne7 17. Rh1 O-O 18. Kf1 Rc8 19. Nxe7+ Qxe7 20. b3
Kh8 21. Qd3 f5 22. Rd1 fxe4 23. Qxe4 Qa7 24. f3 a4 25. Kg2 axb3 26. axb3
Qa2 27. Rxd6 Qxb3 28. Rxh6 1/2-1/2

[Event "TCh-RUS"]
[Site "Sochi RUS"]
[Date "2007.05.08"]
[Round "7"]
[White "Amonatov,F"]
[Black "Iljin,A"]
[Result "1/2-1/2"]
[WhiteElo "2574"]
[BlackElo "2538"]
[EventDate "2007.05.02"]

1. e4 e5 2. Nf3 Nf6 3. Nxe5 d6 4. Nf3 Nxe4 5. d4 d5 6. Bd3 Be7 7. O-O Nc6
8. Re1 Bg4 9. c3 f5 10. Nbd2 O-O 11. Qb3 Na5 12. Qc2 Nc6 13. b4 a6 14. a4
Bd6 15. Ba3 Kh8 16. b5 axb5 17. Bxb5 Bh5 18. Bxc6 bxc6 19. Ne5 Qg5 20. Ndf3
Bxf3 21. Nxf3 Qe7 22. Bxd6 cxd6 23. Nd2 Qh4 24. Nf1 c5 1/2-1/2

[Event "TCh-RUS"]
[Site "Sochi RUS"]
[Date "2007.05.08"]
[Round "7"]
[White "Zvjaginsev,V"]
[Black "Nepomniachtchi,I"]
[Result "1/2-1/2"]
[WhiteElo "2659"]
[BlackElo "2602"]
[EventDate "2007.05.02"]

1. e4 e6 2. d3 d5 3. Nd2 Nf6 4. Ngf3 Bc5 5. e5 Nfd7 6. c3 b6 7. h4 h6 8.
Qa4 a5 9. Qg4 Bf8 10. d4 c5 11. c4 Bb7 12. cxd5 Bxd5 13. Bc4 Nc6 14. O-O
Qc7 15. Bxd5 exd5 16. Re1 Nd8 17. Ne4 dxe4 18. Qxe4 Qc6 19. e6 Qxe4 20.
exd7+ Kxd7 21. Rxe4 Bd6 22. dxc5 bxc5 23. Bd2 Ne6 24. Bc3 Rhg8 25. Rd1 Ke7
26. g3 Ra6 27. Nd2 Bc7 28. Kf1 h5 29. Nf3 Rd6 30. Rxd6 Kxd6 31. Ng5 Kd5 32.
Nxe6 fxe6 33. Re1 g5 34. Rd1+ Kc6 35. hxg5 Rxg5 36. Ke2 Rf5 37. Rh1 Be5 38.
Rh4 Bxc3 39. bxc3 Re5+ 40. Kd3 Rd5+ 41. Kc4 Rf5 42. f4 e5 43. Kd3 exf4 44.
gxf4 Rd5+ 1/2-1/2

[Event "TCh-RUS"]
[Site "Sochi RUS"]
[Date "2007.05.08"]
[Round "7"]
[White "Ovetchkin,R"]
[Black "Bezgodov,A"]
[Result "1/2-1/2"]
[WhiteElo "2554"]
[BlackElo "2561"]
[EventDate "2007.05.02"]

1. d4 d5 2. Nf3 c5 3. c4 e6 4. cxd5 exd5 5. g3 Nc6 6. Bg2 Nf6 7. O-O Be7 8.
Nc3 O-O 9. Bg5 cxd4 10. Nxd4 h6 11. Be3 Re8 12. Rc1 Bf8 13. Qb3 Na5 14. Qb5
a6 15. Qd3 Bg4 16. h3 Bh5 17. g4 Bg6 18. Nf5 Nc4 19. Nxd5 Nxe3 20. fxe3
Nxd5 21. Bxd5 Qg5 22. Rc4 Kh8 23. e4 Rad8 24. Qf3 1/2-1/2

[Event "TCh-RUS"]
[Site "Sochi RUS"]
[Date "2007.05.08"]
[Round "7"]
[White "Kasimdzhanov,R"]
[Black "Eljanov,P"]
[Result "1/2-1/2"]
[WhiteElo "2677"]
[BlackElo "2686"]
[EventDate "2007.05.02"]

1. d4 Nf6 2. c4 e6 3. Nc3 Bb4 4. Qc2 d5 5. a3 Bxc3+ 6. Qxc3 Ne4 7. Qc2 c5
8. dxc5 Nc6 9. e3 Qa5+ 10. Bd2 Nxd2 11. Qxd2 dxc4 12. Bxc4 Qxc5 13. Rc1 Qg5
14. f4 Qh4+ 15. g3 Qe7 16. Nf3 O-O 17. e4 Bd7 18. O-O Rad8 19. Qe3 e5 20.
f5 Nd4 21. Nxd4 exd4 22. Qxd4 Bxf5 23. Qxa7 Bxe4 24. Qe3 Rde8 25. Bb5 Bd5
26. Qxe7 Rxe7 27. Rc5 Be4 28. Rfc1 f5 29. Bc4+ 1/2-1/2

[Event "TCh-RUS"]
[Site "Sochi RUS"]
[Date "2007.05.09"]
[Round "8"]
[White "Khairullin,I"]
[Black "Volkov,Sergey1"]
[Result "1/2-1/2"]
[WhiteElo "2586"]
[BlackElo "2640"]
[EventDate "2007.05.02"]

1. e4 e6 2. d4 d5 3. e5 c5 4. c3 Qb6 5. Nf3 Nc6 6. a3 Nh6 7. b4 cxd4 8.
cxd4 Nf5 9. Bb2 Be7 10. Bd3 a6 11. O-O O-O 12. Qd2 h6 13. Bc2 Bd7 14. Bxf5
exf5 15. Nc3 Be6 16. Na4 Qb5 17. Nc3 Qb6 18. Na4 Qb5 19. Nc3 1/2-1/2

[Event "TCh-RUS"]
[Site "Sochi RUS"]
[Date "2007.05.09"]
[Round "8"]
[White "Kazhgaleyev,M"]
[Black "Shipov,S"]
[Result "1/2-1/2"]
[WhiteElo "2603"]
[BlackElo "2592"]
[EventDate "2007.05.02"]

1. d4 d5 2. c4 dxc4 3. e3 e6 4. Bxc4 c5 5. Nf3 a6 6. O-O Nf6 7. Bb3 b5 8.
a4 b4 9. Nbd2 Be7 10. e4 Bb7 11. e5 Nfd7 12. Nc4 O-O 13. Bc2 cxd4 14. Nxd4
Bd5 15. Qd3 g6 16. Rd1 Ra7 17. Bf4 Rc7 18. Ne3 Nc5 19. Qe2 Rd7 20. Nxd5
Rxd5 21. Nb3 1/2-1/2

[Event "TCh-RUS"]
[Site "Sochi RUS"]
[Date "2007.05.09"]
[Round "8"]
[White "Zvjaginsev,V"]
[Black "Lastin,A"]
[Result "1/2-1/2"]
[WhiteElo "2659"]
[BlackElo "2590"]
[EventDate "2007.05.02"]

1. e4 c5 2. Nf3 d6 3. Nc3 Nc6 4. g3 g6 5. Bg2 Bg7 6. O-O Nf6 7. h3 O-O 8.
d3 Rb8 9. a4 a6 10. Be3 Nd7 11. Qd2 Nd4 12. Bh6 Nxf3+ 13. Bxf3 b5 14. Bxg7
Kxg7 15. axb5 axb5 16. Bg2 b4 17. Nd5 Bb7 18. Ne3 Ra8 19. d4 Qb6 20. d5
Rxa1 21. Rxa1 Ra8 22. Rxa8 Bxa8 23. c3 bxc3 24. Qxc3+ f6 25. Nc4 Qa7 26. f4
Nb6 27. b3 Nxc4 28. bxc4 Qb6 29. e5 Bb7 30. e6 Ba6 31. Bf1 Qb4 32. Qc1 Qb3
33. Kf2 h6 34. Be2 Kh7 35. Qf1 Qc3 36. Bd3 Qd4+ 37. Kg2 Kg7 38. Qe2 f5 39.
Qc2 h5 40. Be2 Qe3 41. h4 Qa3 42. Kf2 Qa1 43. Qb3 Kh7 44. Kg2 Kg7 45. Bf1
Kh7 46. Kf2 Kg7 47. Bd3 Kh7 48. Qc2 Kg7 49. Ke2 Qg1 50. Qc3+ Kh7 51. Qe1
Qg2+ 52. Qf2 Qh1 53. Qf1 Qh2+ 54. Qf2 Qh1 55. Qf1 1/2-1/2

[Event "TCh-RUS"]
[Site "Sochi RUS"]
[Date "2007.05.09"]
[Round "8"]
[White "Kurnosov,I"]
[Black "Tkachiev,V"]
[Result "1/2-1/2"]
[WhiteElo "2566"]
[BlackElo "2652"]
[EventDate "2007.05.02"]

1. e4 e5 2. Nf3 Nc6 3. Bc4 Bc5 4. c3 Nf6 5. d3 a6 6. Bb3 d6 7. h3 Be6 8.
O-O O-O 9. Re1 h6 10. Nbd2 Re8 11. Nf1 d5 12. Ng3 Qd7 13. Nh4 dxe4 14. dxe4
Qxd1 15. Rxd1 Rad8 16. Rxd8 Rxd8 17. Kf1 Bxb3 18. axb3 a5 19. Ke2 Nd7 20.
Nhf5 1/2-1/2